000 01300nam a2200349 i 4500
001 000042598
003 DO-SdBNP
005 20240927073749.0
007 ta
008 090702s1984 dr ac 000 0 spa d
020 _a8449993067
040 _aDO-SdBNP
_bspa
_cBNPHU
_erda
041 _hsap
082 4 _a972.93052
_bB171i, 1984
_222
100 1 _a Balaguer, Joaquín,
_d1906-2002
_eautor
_976556
245 1 3 _aLa isla al revés :
_bHaití y el destino dominicano /
_cJoaquín Balaguer.
250 _a2a. edición
264 1 _aSanto Domingo :
_bLibrería Dominicana,
_c1984.
300 _a257 páginas
_bilustraciones, retratos ;
_c23 cm.
336 _2rdacontent
_atexto
_btxt
337 _2rdamedia
_asin mediació
_bn
338 _2rdacarrier
_avolumen
_bnc
500 _aIncluye referencias bibliográficas y notas al píe de paginas
504 _aBibliografía : p. 249-253
590 _aInventariado, 2019/BT
651 4 _aRepública Dominicana
_xHistoria
_yOcupación haitiana, 1822-1844
_97666
651 0 _aRepública Dominicana --
_xHistoria --
_y1844-1930
_91009
651 4 _aRepública Dominicana
_xRelaciones exteriores
_zHaití
_95153
651 4 _aHaiti
_xRelaciones exteriores
_zRepública Dominicana
_92614
910 _aValidado. Control de calidad MFF
942 _2ddc
_cLBS1
999 _c42087
_d42087